000
00325nam a2200145Ia 4500
008
230718s9999 xx 000 0 und d
041
_a
Eng.
082
_a
34765
_b
MAL-G
100
_a
Malik, Amna
245
0
_a
Gunrdian Words
260
_a
Pakistan
_b
Punjab Law House
_c
2016
300
_a
216
650
_a
Law
999
_c
30774
_d
30774